[Event "Verbandsliga Nord Baden 9900"]
[Site "Germany"]
[Date "2000.04.16"]
[Round "9.1"]
[White "Lindemann, Stefan"]
[Black "Kargoll, Boris"]
[Result "1/2-1/2"]
[WhiteElo "2335"]
[BlackElo "2264"]
[PlyCount "132"]
[EventDate "1999.09.26"]
[EventType "team"]
[EventRounds "9"]
[EventCountry "GER"]
[SourceTitle "EXT 2002"]
[Source "ChessBase"]
[SourceDate "2001.11.25"]
[SourceVersion "1"]
[SourceVersionDate "2001.11.25"]
[SourceQuality "1"]
[WhiteTeam "Pforzheim"]
[BlackTeam "Karlsruhe II"]
[WhiteTeamCountry "GER"]
[BlackTeamCountry "GER"]

1. d4 Nf6 2. c4 g6 3. g3 c6 4. Bg2 d5 5. cxd5 cxd5 6. Nf3 Bg7 7. Ne5 Ng4 8. Qa4+ Bd7 9. Nxd7 Qxd7 10. Qxd7+ Nxd7 11. h3 Ngf6 12. Nc3 0-0 13. 0-0 e6 14. Bf4 Rfc8 15. g4 a6 16. a4 Rc4 17. Rfd1 Rac8 18. a5 Rb4 19. Rd2 Ne8 20. Bxd5 Bxd4 21. Bf3 Nc5 22. Rc2 Bxc3 23. Rxc3 Rxf4 24. Rac1 Rb4 25. Rxc5 Rxc5 26. Rxc5 Rxb2 27. Rc8 Kf8 28. Rb8 Rb5 29. Rxb7 Rxa5 30. Ra7 Kg7 31. h4 h6 32. Kh2 Ra2 33. Kg3 Nf6 34. e3 a5 35. Bc6 g5 36. hxg5 hxg5 37. f4 gxf4+ 38. exf4 Rc2 39. Bf3 Rc5 40. g5 Nd5 41. Bh5 Rc3+ 42. Kh4 Rc7 43. Rxa5 Rc4 44. Kg3 Nxf4 45. Bf3 Ng6 46. Rb5 Rc3 47. Kg4 Rc4+ 48. Kg3 Ne7 49. Bg4 Rc3+ 50. Kf2 Kg6 51. Re5 Nc6 52. Rb5 Nd4 53. Re5 Rb3 54. Re4 Rb2+ 55. Ke3 Nf5+ 56. Bxf5+ Kxf5 57. Rf4+ Kg6 58. Rf6+ Kg7 59. Kf3 Rb1 60. Kg4 Rg1+ 61. Kh5 e5 62. Rf5 e4 63. Re5 Re1 64. Kg4 Kg6 65. Kf4 Rh1 66. Ra5 Re1 1/2-1/2

[Event "Leinfelden Schachtage op 2nd"]
[Site "Leinfelden"]
[Date "2000.??.??"]
[Round "5"]
[White "Jurasin, Marin"]
[Black "Lindemann, Stefan"]
[Result "1/2-1/2"]
[WhiteElo "2159"]
[BlackElo "2335"]
[PlyCount "106"]
[EventDate "2000.08.??"]
[EventType "swiss"]
[EventRounds "9"]
[EventCountry "GER"]
[SourceTitle "EXT 2003"]
[Source "ChessBase"]
[SourceDate "2002.11.25"]
[SourceVersion "1"]
[SourceVersionDate "2002.11.25"]
[SourceQuality "1"]

1. c4 c5 2. Nc3 Nc6 3. g3 g6 4. Bg2 Bg7 5. Nf3 e5 6. 0-0 d6 7. a3 Nge7 8. Rb1 a5 9. d3 0-0 10. Bg5 f6 11. Bd2 Be6 12. Nb5 d5 13. cxd5 Nxd5 14. Qc1 b6 15. Bh6 Rc8 16. Bxg7 Kxg7 17. Nd2 Nd4 18. Nxd4 cxd4 19. Qd1 b5 20. a4 b4 21. Nc4 Rc5 22. Rc1 Nb6 23. b3 Nd5 24. Bxd5 Bxd5 25. Qd2 Qe7 26. f3 Qe6 27. e3 Bxc4 28. dxc4 Rd8 29. Rce1 Qb6 30. exd4 Rxd4 31. Qc2 Rc7 32. Kg2 Rcd7 33. Rd1 Qd8 34. Rxd4 Rxd4 35. Rf2 Rd3 36. h4 Qd4 37. Qb2 Qxb2 38. Rxb2 Kf7 39. Kf2 Ke6 40. Ke2 e4 41. fxe4 Rxg3 42. Rc2 Rxb3 43. c5 Kd7 44. c6+ Kc7 45. Rc5 Rh3 46. Rxa5 Rxh4 47. Kd3 b3 48. Kd4 b2 49. Rb5 f5 50. Kd5 Rxe4 51. Rxb2 Rxa4 52. Rb7+ Kd8 53. Rxh7 Ra1 1/2-1/2

[Event "Leinfelden Schachtage op 1st"]
[Site "Leinfelden"]
[Date "2000.??.??"]
[Round "3"]
[White "Latzke, Boris Alexander"]
[Black "Lindemann, Stefan"]
[Result "0-1"]
[WhiteElo "2245"]
[BlackElo "2335"]
[PlyCount "118"]
[EventDate "2000.08.??"]
[EventType "swiss"]
[EventRounds "7"]
[EventCountry "GER"]
[SourceTitle "EXT 2003"]
[Source "ChessBase"]
[SourceDate "2002.11.25"]
[SourceVersion "1"]
[SourceVersionDate "2002.11.25"]
[SourceQuality "1"]

1. d4 Nf6 2. c4 c5 3. d5 e6 4. Nc3 exd5 5. cxd5 d6 6. e4 g6 7. Nf3 Bg7 8. h3 0-0 9. Bd3 b5 10. Nxb5 Re8 11. 0-0 Nxe4 12. Re1 a6 13. Na3 Nf6 14. Rxe8+ Nxe8 15. Nc4 Nd7 16. Bf4 Nb6 17. Nxb6 Qxb6 18. Rb1 Bb7 19. Bc4 Nc7 20. Be3 Qb4 21. Qd3 Bc8 22. a3 Qa4 23. g4 h5 24. Bb3 Qd7 25. Nh2 Qe7 26. Bf4 Qf6 27. Qg3 Rb8 28. Bd2 Qd4 29. Bc3 Rxb3 30. Qxd6 Qd3 31. Qd8+ Kh7 32. Re1 Bxc3 33. Qxc7 Qxd5 34. bxc3 Be6 35. Qg3 hxg4 36. hxg4 Qc4 37. g5 Rxc3 38. Nf3 Qg4 39. Qxg4 Bxg4 40. Ne5 Be6 41. Re3 Rc1+ 42. Kg2 Kg7 43. Kf3 c4 44. Ke2 c3 45. Nd3 Rc2+ 46. Kf3 Ra2 47. Nf4 c2 48. Nxe6+ fxe6 49. Re1 Rxa3+ 50. Ke2 Rc3 51. Rc1 e5 52. Kd2 Rc5 53. Rxc2 Rxc2+ 54. Kxc2 Kf7 55. Kd3 Ke6 56. Kc4 Kf5 57. Kd5 a5 58. Kc5 Kxg5 59. Kb5 Kf4 0-1